| 000 | 00627nam a2200169Ia 4500 | ||
|---|---|---|---|
| 008 | 090711s9999 xx 000 0 und d | ||
| 082 | _b311 | ||
| 100 | _aवीरकर दत्तात्रय वि. | ||
| 245 | _aविद्युत यंत्रे | ||
| 260 |
_bकॉन्टीनेन्टल प्रकाशन _c1981 |
||
| 300 | _a721 | ||
| 600 | _aवीरकर दत्तात्रय वि. | ||
| 630 | _aविद्युत यंत्रे | ||
| 700 | _aवीरकर दत्तात्रय वि. | ||
| 730 | _aविद्युत यंत्रे | ||
| 942 | _cBOOK | ||
| 999 |
_c323744 _d323744 |
||